Представление документа в формате RUSMARC

ПолеНазваниеЗначение
  Тип записи a
  Библиографический уровень c
001 Контрольный номер RU/SLIB/B/208781726
005 Дата корректировки 20201206204344.7
010 Индекс ISBN __
d Цена 1-84
101 Язык документа __
a Язык текста rus
200 Заглавие и сведения об ответственности 1_
a Заглавие Ранний снег : роман
e Сведения, относящиеся к заглавию избр. произведения : в 2 т.
f Первые сведения об ответственности О. К. Кожухова
b Общее обозначение материала Текст
i Наименование части Не бросай слов на ветер : повесть
210 Выходные данные __
a Место издания М.
c Издательство Молодая гвардия
d Дата издания 1977
215 Физическое описание __
a Объем 432 с.
c Иллюстрации/тип воспроизводства ил.
461 Уровень набора __
1 2001
a Тридцать лет и три года
v Т. 1
606 Тематические рубрики __
a Основная рубрика Художественная литература
z Хронологическая подрубрика 20 в.
y Географическая подрубрика Россия
606 Тематические рубрики __
a Основная рубрика Русская литература XX в. (произведения)
610 Ключевые слова __
a Ключевые слова проза; прозаики; повести; романы
686 Индексы других классификаций __
a Классификационный индекс 84(2Рос=Рус)6-4
700 Автор _1
a Фамилия Кожухова
b Имя О. К.
4 Код отношения 070
801 Источник записи _0
a Страна RU
b Организация Муниципальное бюджетное учреждение культуры "Централизованная библиотечная система" г. Сургут (Центральная городская библиотека им. А. С. Пушкина)
g Правила каталогизации КиК/Чорнонос Е.В.
801 Источник записи _1
a Страна RU
b Организация Муниципальное бюджетное учреждение культуры "Централизованная библиотечная система" г. Сургут (Центральная городская библиотека им. А. С. Пушкина)
g Правила каталогизации КиК/Чорнонос Е.В.
852 Данные о местонахождении __
j Шифр хранения 84(2Рос=Рус)6-4
i Авторский знак К 58
p Инвентарный номер 99051(с)
901 Тип документа __
t Тип документа x
969 Тип издания __
a Тип издания сборник
990 Данные о заказе (DOS) __
j Количество экземпляров (DOS) 1
t N записи в КСУ для И/У (DOS) ретро